| 000 | 00705nam a2200217Ii 4500 | ||
|---|---|---|---|
| 003 | JO-AjNU | ||
| 008 | 230606s9999||||xx |||||||||||||| ||und|| | ||
| 020 | _a978-0-7450-1607-8(hbk)/978-1-138-16010-1 (pbk) | ||
| 040 |
_aJO-AjNU _beng _erda _cJO-AjNU |
||
| 041 | _aeng | ||
| 050 | 1 | 4 | _aPR1215.E335.2016 |
| 100 | 3 |
_a Jain, Nalini and John Richardson, _eauthor _96033 |
|
| 245 | 0 | 0 | _aEighteenth- Century ENGLISH Poetry: the Annotated Anthology |
| 250 | _a1 ed | ||
| 264 | 3 | 1 | _aNew York: Routledge ,2016 |
| 300 | _a508p | ||
| 336 |
_atext _btxt _2rdacontent |
||
| 337 |
_aunmediated _bn _2rdamedia |
||
| 338 |
_avolume _bnc _2rdacarrier |
||
| 650 | 4 |
_aEnglish poetry-Poésie Anglaise -- Anthologies _96034 |
|
| 999 |
_aE3130 _c3127 _d3127 |
||